Diskriminácia v pracovnoprávnych vzťahoch

Medzi najfrekventovanejšie zásady v medzinárodnom pracovnom práve a aj v pracovnom práve Európskej únie patrí okrem všeobecného zákazu diskriminácie v pracovnoprávnych vzťahoch aj rovnoprávnosť mužov a žien. Základné ľudské práva a slobody.

Salvato in:
Dettagli Bibliografici
Autore principale: Tichý, Miroslav
Natura: Capitolo di libro
Lingua:slovacco
Soggetti:
Tags: Aggiungi Tag
Nessun Tag, puoi essere il primo ad aggiungerne!!

MARC

LEADER 00000naa a2200000 4500
001 0314349
005 20260122080835.1
041 0 |a slo 
044 |a SK 
245 1 0 |a Diskriminácia v pracovnoprávnych vzťahoch  |c Miroslav Tichý 
520 |a Medzi najfrekventovanejšie zásady v medzinárodnom pracovnom práve a aj v pracovnom práve Európskej únie patrí okrem všeobecného zákazu diskriminácie v pracovnoprávnych vzťahoch aj rovnoprávnosť mužov a žien. Základné ľudské práva a slobody. 
610 2 0 |a diskriminácia pracovná 
610 2 0 |a diskriminácia rodová 
610 2 0 |a rovnosť rodová 
610 2 0 |a rovnoprávnosť 
610 2 0 |a práva ľudské 
610 2 0 |a vzťahy pracovnoprávne 
610 2 0 |a právo pracovné 
610 2 0 |a zákonník práce 
100 1 |a Tichý, Miroslav